00810nam a2200217 a 450000500170000000800410001704000250005804100080008308200230009111001400011424501090025426000250036330000470038865000270043565000230046265000160048565000130050165000200051465000280053465000300056220191224041701.0140310b1999 ne a gr|||| 00| 0 eng d aCO-BoIAVHcCO-BoIAVH aeng 4a338.47661808bC39e1 aCentre for the Promotion of Imports from Developing Countries (CBI)bCentre for the Promotion of Imports from Developing Countries, CBI1 aEssential oils and oleoresinsba survey of The Netherlands and other major markets in the European Union aRotterdambCBIc1999 a112 paginas.bilustraciones.;c20 x 15 cm. 4aComercio internacional 4aAceites esenciales 4aOleoresinas 4aMercadeo 4aUnión Europea 4aLegislación ambiental 4aCertificación ambiental